000 00313 a2200109 4500
001 ART_30489
005 20260410162003.0
008 260409a
245 1 0 _aEl iluminismo y el drama de Occidente
100 1 _aRibas, Armando P.
773 0 _tForo polĂ­tico
_g- Vol. XVII (ago. 1996)
_wREV30389
999 _c31461
_d31461